| 000 | 00528cam a2200193ua 4500 | ||
|---|---|---|---|
| 020 | _c155.00 | ||
| 041 |
_aeng _h |
||
| 082 |
_a005.133 _bSUB/CO |
||
| 100 | _aSubramanian, N . | ||
| 245 |
_aComputer:Genesis, programming and applications in Fortran &&, BASIC and COBOL / _cN.Subramanian. _hTextual Documents |
||
| 250 |
_a3 / _b. |
||
| 260 |
_aNew Delhi : _bA.H.Wheeler & Co.Ltd. , _c1995. |
||
| 300 | _a527 ; . | ||
| 365 | _a155.00 | ||
| 504 | _a | ||
| 700 | 1 | _aChitra, S . | |
| 942 | _cBK | ||
| 999 |
_c9700 _d9700 |
||